Прозвища городов России - Statistics

General Stats
  • This quiz has been taken 244 times
  • The average score is 13 of 30
Answer Stats
Прозвище Город % Correct
Северная столица Санкт-Петербург
97%
Татарград Казань
89%
Первопрестольная Москва
87%
Столица заполярья Мурманск
75%
Город невест Иваново
73%
Оружейная столица России Тула
59%
Город Ха Хабаровск
54%
Город нашенский Владивосток
53%
Столица черноземья Воронеж
53%
Чикагинск Челябинск
53%
Вятка Киров
50%
Город доски,трески и тоски Архангельск
48%
Город дождей и воинских частей Калининград
45%
Столица ВДВ Рязань
45%
УУ Улан-Удэ
36%
Сибирские Афины Томск
33%
Русский Детройт Тольятти
32%
Середина земли Иркутск
31%
Солнечный Магадан
28%
Колыбель космонавтики Калуга
28%
Стальное сердце родины Магнитогорск
27%
Культурная столица русского севера Вологда
27%
Орджо Владикавказ
25%
Город 7-ми ветров Ульяновск
24%
Город любимый всеми богами Севастополь
23%
Фишбург Рыбинск
15%
Кондопенгаген Кондопога
15%
Гопольск Тобольск
14%
Нефтяная столица России Нижневартовск
9%
Столица Арктики Диксон
6%
No matching quizzes found
Score Distribution
Percent of People with Each Score
Percentile by Number Answered
Your Score History
You have not taken this quiz